Proyecto económico (Record no. 167862)

MARC details
000 -LEADER
campo de control de longitud fija 01323nam a2200289 i 4500
001 - NÚMERO DE CONTROL
campo de control 167862
003 - IDENTIFICADOR DE NÚMERO DE CONTROL
campo de control ES-MaACL
005 - FECHA Y HORA DE LA ÚLTIMA TRANSACCIÓN
campo de control 20251002162148.0
008 - DATOS DE LONGITUD FIJA--INFORMACIÓN GENERAL
campo de control de longitud fija 931025s1787 sp |||| | spa d
100 1# - ENTRADA PRINCIPAL--NOMBRE DE PERSONA
Nombre de persona Ward, Bernardo.
9 (RLIN) 116071
245 10 - MENCIÓN DEL TÍTULO
Título Proyecto económico
Resto del título : en que se proponen varias providencias, dirigidas a promover los intereses de España, con los medios y fondos necesarios para su planificación /
Mención de responsabilidad, etc. escrito en el año de 1762 por D. Bernardo Ward ; obra póstuma.
250 ## - MENCION DE EDICION
Mención de edición Quarta impresion.
260 ## - PUBLICACIÓN, DISTRIBUCIÓN, ETC.
Lugar de publicación, distribución, etc. Madrid :
Nombre del editor, distribuidor, etc. por la Viuda de Ibarra, Hijos y Compañía,
Fecha de publicación, distribución, etc. 1787.
300 ## - DESCRIPCIÓN FÍSICA
Extensión [4], XXVIII, 319, LXXX p. ;
Dimensiones 4º mayor.
505 8# - NOTA DE CONTENIDO CON FORMATO
Nota de contenido con formato Contiene además, con pág. propia: ;
Título Obra pía : medio de remediar la miseria de la gente pobre de España
530 ## - NOTA DISPONIBLE DE FORMULARIO FÍSICO ADICIONAL
Nota de formato físico adicional disponible Disponible en formato digital.
596 ## - NOTA AL PIE DE IMPRENTA
NOTA AL PIE DE IMPRENTA Marca tip. en port.
597 ## - NOTA DE DESCRIPCIÓN FÍSICA
NOTA DE DESCRIPCIÓN FÍSICA Sign.: a-b\p8\s, A-Z\p8\s, 2A-2B\p8\s.
597 ## - NOTA DE DESCRIPCIÓN FÍSICA
NOTA DE DESCRIPCIÓN FÍSICA Antep.
650 #4 - PUNTO DE ACCESO ADICIONAL DE MATERIA--TÉRMINO DE MATERIA
Término de materia o nombre geográfico como elemento de entrada Pobreza-
Subdivisión geográfica España.
9 (RLIN) 166966
651 #4 - PUNTO DE ACCESO ADICIONAL DE MATERIA--NOMBRE GEOGRÁFICO
Nombre geográfico España-
Subdivisión general Política económica-
Subdivisión cronológica S.XVIII.
9 (RLIN) 8413
700 2# - ENTRADA AGREGADA--NOMBRE PERSONAL
Nombre de persona
9 (RLIN) 242296
752 ## - ENTRADA AGREGADA--NOMBRE JERÁRQUICO DEL LUGAR
País o entidad superior España -
Ciudad Madrid. Olim: C-2936.
852 ## - LOCALIZACIÓN
Ubicación ES-MaACL
Número de control de estantería R-1924
Nota libre - Enc. pasta española
Signatura antigua - Olim: C-2936
856 ## - LOCALIZACIÓN Y ACCESO ELECTRÓNICOS
Identificador Uniforme de Recursos <a href="http://bdh-rd.bne.es/viewer.vm?id=0000094255&page=1 ">http://bdh-rd.bne.es/viewer.vm?id=0000094255&page=1 </a>
Nota pública Biblioteca Digital Hispánica
Holdings
Estatus retirado Estado de pérdida Estado de daño No para préstamo Colección Biblioteca de origen Biblioteca actual Ubicación en estantería Fecha de adquisición Fuente de adquisición Total de préstamos Signatura topográfica completa Código de barras Visto por última vez Precio de reemplazo Tipo de ítem Koha
        Colección digital Biblioteca del Ateneo de Madrid Biblioteca del Ateneo de Madrid Depósito 17/01/2008     R-1924 1176107 23/02/2023 23/02/2023 Libro impreso antiguo